<?xml version="1.0" encoding="UTF-8"?><?xml-stylesheet type="text/xsl" href="static/style.xsl"?><OAI-PMH xmlns="http://www.openarchives.org/OAI/2.0/" xmlns:xsi="http://www.w3.org/2001/XMLSchema-instance" xsi:schemaLocation="http://www.openarchives.org/OAI/2.0/ http://www.openarchives.org/OAI/2.0/OAI-PMH.xsd"><responseDate>2026-04-29T00:34:16Z</responseDate><request verb="GetRecord" identifier="oai:repisalud.isciii.es:20.500.12105/5444" metadataPrefix="marc">https://repisalud.isciii.es/rest/oai/request</request><GetRecord><record><header><identifier>oai:repisalud.isciii.es:20.500.12105/5444</identifier><datestamp>2025-06-02T15:12:00Z</datestamp><setSpec>com_20.500.12105_2405</setSpec><setSpec>com_20.500.12105_2403</setSpec><setSpec>col_20.500.12105_2418</setSpec></header><metadata><record xmlns="http://www.loc.gov/MARC21/slim" xmlns:dcterms="http://purl.org/dc/terms/" xmlns:doc="http://www.lyncode.com/xoai" xmlns:xsi="http://www.w3.org/2001/XMLSchema-instance" xsi:schemaLocation="http://www.loc.gov/MARC21/slim http://www.loc.gov/standards/marcxml/schema/MARC21slim.xsd">
   <leader>00925njm 22002777a 4500</leader>
   <datafield ind2=" " ind1=" " tag="042">
      <subfield code="a">dc</subfield>
   </datafield>
   <datafield ind2=" " ind1=" " tag="720">
      <subfield code="a">Monteagudo, Jose Luis</subfield>
      <subfield code="e">author</subfield>
   </datafield>
   <datafield ind2=" " ind1=" " tag="720">
      <subfield code="a">Hernandez-Salvador, Carlos</subfield>
      <subfield code="e">author</subfield>
   </datafield>
   <datafield ind2=" " ind1=" " tag="260">
      <subfield code="c">2014-05</subfield>
   </datafield>
   <datafield ind2=" " ind1=" " tag="520">
      <subfield code="a">La atención a los pacientes crónicos constituye uno de los temas más críticos al que se enfrentan los sistemas sanitarios hoy día. Esta situación se refleja en el interés hacia nuevos modelos organizativos de los procesos asistenciales y su implementación usando las capacidades de tecnologías de Internet, comunicaciones móviles y dispositivos biomédicos personales. Su introducción y difusión extendida en la práctica asistencial no es trivial ya que involucra tareas complejas de cambios de organización y de culturas de trabajo tales como las implicadas en la coordinación entre niveles asistenciales y con los servicios sociosanitarios, Por otra parte, desde el lado tecnológico también hay que abordar soluciones para la interoperabilidad; la seguridad, y otras cuestiones emergentes de ingeniería para grandes sistemas digitales. La gran mayoría de la actividad de I+D+i relacionada con estos temas ha estado impulsada fundamentalmente desde la tecnología. Este libro aporta una experiencia innovadora difícil de encontrar en la literatura. Contiene cinco contribuciones sobre trabajos de I+D+i en nuevos modelos para la atención a pacientes crónicos utilizando sistemas de telemedicina que han sido producidos por grupos de investigación inmersos en el propio Sistema Nacional de Salud. Cada uno atiende a su contexto local y al diseño de un escenario de intervención propio pero dentro del marco común del Proyecto Coordinado PITES (Plataforma de Innovación para Telemedicina). PITES sigue un modelo de innovación abierta liderado desde el conocimiento de los profesionales sanitarios desarrollando aplicaciones de ecosistemas digitales de telesalud seguros, accesibles e interoperables basados en estándares abiertos con flexibilidad para que cada proyecto tenga la libertad para diseñar e implementar sus protocolos en su contexto local.</subfield>
   </datafield>
   <datafield ind1="8" ind2=" " tag="024">
      <subfield code="a">PITES: Telemedicine and e-health innovation platform / coords.: José luis Monteagudo, Carlos H. Salvador</subfield>
   </datafield>
   <datafield ind1="8" ind2=" " tag="024">
      <subfield code="a">http://hdl.handle.net/20.500.12105/5444</subfield>
   </datafield>
   <datafield ind1="8" ind2=" " tag="024">
      <subfield code="a">10.4321/repisalud.5444</subfield>
   </datafield>
   <datafield ind1="8" ind2=" " tag="024">
      <subfield code="a">725-14-014-7</subfield>
   </datafield>
   <datafield ind1="8" ind2=" " tag="024">
      <subfield code="a">725-14-015-2</subfield>
   </datafield>
   <datafield ind2="0" ind1="0" tag="245">
      <subfield code="a">PITES: Telemedicine and e-health innovation platform</subfield>
   </datafield>
</record></metadata></record></GetRecord></OAI-PMH>